[Event "76th Bulgarian Individual Chess Champion"]
[Site "Plovdiv"]
[Date "2012.02.07"]
[Round "3.10"]
[White "Velikov, Vladimir"]
[Black "Nikolov, Sasho"]
[Result "0-1"]
[WhiteElo "1848"]
[BlackElo "2407"]
[PlyCount "118"]
[EventDate "2012.02.06"]

1. e4 c5 2. Nc3 Nc6 3. g3 g6 4. Bg2 Bg7 5. d3 d6 6. Be3 Nf6 7. Nge2 Rb8 8. Qd2
Ng4 9. O-O Nxe3 10. fxe3 h5 11. Nf4 h4 12. gxh4 e5 13. Nfd5 Qxh4 14. Nc7+ Kf8
15. Bf3 Bh6 16. N3d5 Nd4 17. Rf2 Qxh2+ 18. Kxh2 Nxf3+ 19. Kg3 Nxd2 20. Rxd2 Bg5
21. Nb5 Be6 22. Re2 Kg7 23. Rg1 Rh3+ 24. Kg2 Rbh8 25. Kf1 Bh4 26. Nxd6 Rf3+ 27.
Kg2 Bg4 28. Rd2 Bg3 29. Rh1 Rxh1 30. Kxh1 Bh3 31. Rg2 b6 32. Rg1 Bf2 33. Rc1 f5
34. exf5 gxf5 35. e4 f4 36. Nc4 Rg3 37. Nxe5 f3 38. Nf4 Be3 39. Nh5+ Kh6 40.
Nxg3 Bg2+ 41. Kh2 Bxc1 42. Nc6 Bf4 43. Ne7 Kg5 44. Nef5 Kg4 45. e5 Bh3 46. e6
f2 47. e7 f1=Q 48. Ne3+ Kf3 49. Nexf1 Bd7 50. b3 Kf2 51. a4 a5 52. c3 Bd6 53.
d4 cxd4 54. cxd4 Bf4 55. d5 Bc7 56. Nd2 Bxg3+ 57. Kh1 Bf4 58. Ne4+ Kf1 59. d6
Bc6 0-1

[Event "76th Bulgarian Individual Chess Champion"]
[Site "Plovdiv"]
[Date "2012.02.09"]
[Round "6.9"]
[White "Pantev, Tsvetelin"]
[Black "Arnaudov, Petar"]
[Result "0-1"]
[WhiteElo "1867"]
[BlackElo "2121"]
[PlyCount "102"]
[EventDate "2012.02.06"]

1. d4 Nf6 2. Nf3 b5 3. g3 Bb7 4. Bg2 e6 5. a4 b4 6. c4 Qc8 7. O-O c5 8. Bg5 Be7
9. Nbd2 h6 10. Bf4 g5 11. Be3 Ng4 12. Qc2 d6 13. h3 Nxe3 14. fxe3 Nd7 15. Rf2
Qc7 16. Raf1 O-O-O 17. e4 cxd4 18. Nxd4 Ne5 19. Nb5 Qb6 20. a5 Qe3 21. a6 Bc6
22. Nb3 Rd7 23. N3d4 Bxb5 24. cxb5+ Rc7 25. Nc6 Bd8 26. Kh2 Rf8 27. Qd1 Qc5 28.
Nd4 Re8 29. e3 g4 30. Rc2 Qb6 31. Rff2 Ree7 32. Qe1 Rc5 33. Qd1 Rec7 34. hxg4
Bg5 35. Rf4 Rxc2 36. Nxc2 Qc5 37. Rf2 Kd7 38. b3 Ke7 39. Rd2 Qc3 40. Ne1 Qxe3
41. Rxd6 Rc1 42. Qd4 Rxe1 43. Qxe5 Qg1+ 44. Kh3 Re2 45. Rxe6+ fxe6 46. Qc7+ Ke8
47. Qc8+ Kf7 48. Qb7+ Kg6 49. e5 Qxg2+ 50. Qxg2 Rxg2 51. b6 Rf2 0-1

[Event "76th Bulgarian Individual Chess Champion"]
[Site "Plovdiv"]
[Date "2012.02.12"]
[Round "9.1"]
[White "Arnaudov, G. Petar"]
[Black "Genov, Petar"]
[Result "1/2-1/2"]
[WhiteElo "2473"]
[BlackElo "2463"]
[PlyCount "47"]
[EventDate "2012.02.06"]

1. d4 d5 2. c4 e6 3. Nf3 Nf6 4. Nc3 Be7 5. Bg5 O-O 6. e3 h6 7. Bh4 Ne4 8. Bxe7
Qxe7 9. Qc2 Nxc3 10. Qxc3 c6 11. Be2 Nd7 12. O-O dxc4 13. Qxc4 e5 14. Nxe5 Nxe5
15. dxe5 Qxe5 16. Qc2 Be6 17. b3 Rad8 18. Rad1 Bf5 19. Qc4 Be6 20. Qc2 Bf5 21.
Qc4 Be6 22. Qc2 Bf5 23. Qc4 Be6 24. Qc2 1/2-1/2

[Event "76th Bulgarian Individual Chess Champion"]
[Site "Plovdiv"]
[Date "2012.02.12"]
[Round "9.2"]
[White "Marholev, Dimitar"]
[Black "Janev, Evgeni"]
[Result "1/2-1/2"]
[WhiteElo "2370"]
[BlackElo "2503"]
[PlyCount "79"]
[EventDate "2012.02.06"]

1. e4 e5 2. Nf3 Nc6 3. Bb5 a6 4. Ba4 Nf6 5. O-O Be7 6. Re1 b5 7. Bb3 d6 8. c3
O-O 9. h3 Na5 10. Bc2 c5 11. d4 Qc7 12. Nbd2 cxd4 13. cxd4 Nc6 14. Nb3 a5 15.
Be3 a4 16. Nbd2 Bd7 17. a3 Qb7 18. Rc1 Rfc8 19. Bd3 exd4 20. Nxd4 Ne5 21. Rxc8+
Rxc8 22. Bf1 Bd8 23. Nf5 Bxf5 24. exf5 d5 25. Nf3 Nxf3+ 26. Qxf3 Bb6 27. Bd3
Bxe3 28. Qxe3 b4 29. Rc1 bxa3 30. bxa3 Rxc1+ 31. Qxc1 h5 32. Bc2 Qc6 33. Qd1
Qc3 34. Qd3 Qe1+ 35. Qf1 Qc3 36. Qd3 Qe1+ 37. Qf1 Qc3 38. Qd3 Qe1+ 39. Qf1 Qc3
40. Qd3 1/2-1/2

[Event "76th Bulgarian Individual Chess Champion"]
[Site "Plovdiv"]
[Date "2012.02.12"]
[Round "9.3"]
[White "Nikolov, Sasho"]
[Black "Enchev, Ivajlo"]
[Result "0-1"]
[WhiteElo "2407"]
[BlackElo "2430"]
[PlyCount "98"]
[EventDate "2012.02.06"]

1. d4 d5 2. c4 c6 3. Nf3 Nf6 4. Nc3 e6 5. Bg5 h6 6. Bh4 Be7 7. e3 O-O 8. Qc2
Nbd7 9. Rd1 b6 10. Bd3 Bb7 11. O-O Rc8 12. cxd5 cxd5 13. Qa4 a6 14. Qb3 b5 15.
Rc1 Ne4 16. Bxe7 Qxe7 17. a4 b4 18. Na2 a5 19. Rxc8 Rxc8 20. Rc1 Qd8 21. Qd1
Rc7 22. Rc2 Qc8 23. Nc1 Nb6 24. Rxc7 Qxc7 25. Qc2 Qxc2 26. Bxc2 Bc6 27. b3 f6
28. Bxe4 dxe4 29. Nd2 Bd5 30. f3 f5 31. Kf2 Kf7 32. fxe4 fxe4 33. Ne2 Nc8 34.
Ng3 Nd6 35. Ke2 g5 36. Nh1 Kg6 37. Nf2 Kf5 38. g3 h5 39. Nd1 Kg4 40. Kf2 Kf5
41. Nb2 Kf6 42. Nbc4 Nxc4 43. bxc4 Bc6 44. Ke1 Kf5 45. c5 Bd5 46. Kd1 e5 47.
dxe5 Kxe5 48. Kc2 h4 49. gxh4 gxh4 0-1

[Event "76th Bulgarian Individual Chess Champion"]
[Site "Plovdiv"]
[Date "2012.02.12"]
[Round "9.4"]
[White "Milchev, Nikolay"]
[Black "Galunov, Todor"]
[Result "1-0"]
[WhiteElo "2434"]
[BlackElo "2320"]
[PlyCount "75"]
[EventDate "2012.02.06"]

1. Nf3 Nf6 2. c4 c6 3. b3 g6 4. Bb2 Bg7 5. g3 d5 6. Bg2 Qb6 7. Qc2 O-O 8. O-O
Bg4 9. h3 Bxf3 10. Bxf3 Nbd7 11. d3 e5 12. Bg2 Rfe8 13. Nc3 d4 14. Na4 Qc7 15.
b4 Rac8 16. Bc1 a5 17. bxa5 Qxa5 18. Bd2 Qa7 19. Rfb1 Ra8 20. Nb2 Nc5 21. Bb4
Bf8 22. a4 Ne6 23. Be1 Nc5 24. a5 e4 25. Na4 exd3 26. exd3 Nxa4 27. Rxa4 Nd7
28. Ra2 Nc5 29. Bb4 Re6 30. Bf1 Rae8 31. Qb2 Bg7 32. Bxc5 Qxc5 33. Qxb7 Re1 34.
Rxe1 Rxe1 35. a6 Qf5 36. Re2 Ra1 37. Re8+ Bf8 38. Qe7 1-0

[Event "76th Bulgarian Individual Chess Champion"]
[Site "Plovdiv"]
[Date "2012.02.12"]
[Round "9.5"]
[White "Tsvetkov, Ilia"]
[Black "Andreev, Sasho"]
[Result "1-0"]
[WhiteElo "2374"]
[BlackElo "2201"]
[PlyCount "133"]
[EventDate "2012.02.06"]

1. c4 e5 2. Nc3 Nc6 3. Nf3 f5 4. d4 e4 5. Nd2 Nxd4 6. Ndxe4 Ne6 7. Ng3 g6 8. e4
fxe4 9. Ngxe4 Nf6 10. Nxf6+ Qxf6 11. Nd5 Qe5+ 12. Qe2 Qxe2+ 13. Bxe2 c6 14. Nc3
Kd8 15. h4 a6 16. Be3 b5 17. O-O-O Kc7 18. Bg4 d6 19. b3 h5 20. Bf3 bxc4 21.
bxc4 Rb8 22. Be4 Rg8 23. Kc2 Nc5 24. Bxc5 dxc5 25. a3 Bg7 26. Rb1 Rxb1 27. Rxb1
Bd4 28. Rf1 Be6 29. Bd3 Bf6 30. g3 Bd4 31. Ne2 Be5 32. Re1 Bg4 33. f4 Bf6 34.
Nc3 Bd4 35. Re7+ Kb6 36. Ne4 Bf5 37. Nd6 Bf2 38. Bxf5 gxf5 39. Nxf5 Bxg3 40.
Rg7 Rxg7 41. Nxg7 Bxh4 42. Nxh5 Kc7 43. Kd3 Kd7 44. Ke4 Be1 45. f5 Bc3 46. Nf4
Bb2 47. a4 Kd6 48. Nd3 Bd4 49. Kf4 Ke7 50. Ne5 Kd6 51. Ng4 Ke7 52. Kg5 Kf7 53.
f6 Ke6 54. Kg6 Bxf6 55. Nxf6 Ke5 56. Nd7+ Kd4 57. Nb6 Kc3 58. Kf5 Kb4 59. Ke4
Ka5 60. Nd7 Kxa4 61. Kd3 a5 62. Kc3 Ka3 63. Nxc5 a4 64. Nd3 Ka2 65. Nb4+ Kb1
66. Nxc6 a3 67. Nb4 1-0

[Event "76th Bulgarian Individual Chess Champion"]
[Site "Plovdiv"]
[Date "2012.02.12"]
[Round "9.7"]
[White "Nikolova, Adriana"]
[Black "Ninov, Dayan"]
[Result "1/2-1/2"]
[WhiteElo "2296"]
[BlackElo "2117"]
[PlyCount "167"]
[EventDate "2012.02.06"]

1. e4 c5 2. c3 g6 3. d4 cxd4 4. cxd4 d5 5. exd5 Nf6 6. Nf3 Bg7 7. Nc3 O-O 8.
Be2 Nxd5 9. O-O Nc6 10. Qb3 Nxc3 11. bxc3 Qc7 12. Bg5 Be6 13. Qa3 Qd6 14. Qb2
b6 15. Bh4 f5 16. Ng5 Bd5 17. f4 h6 18. Nh3 Na5 19. Rfe1 Bf6 20. Bxf6 exf6 21.
Bd3 Rac8 22. Rac1 Nc4 23. Qf2 Kg7 24. Re2 Rfe8 25. Rce1 Qd7 26. Qg3 Nd6 27.
Rxe8 Rxe8 28. a3 Kf7 29. Kf1 Rxe1+ 30. Qxe1 Qa4 31. Qc1 Bc4 32. Nf2 Ne4 33. Ke1
Bxd3 34. Nxd3 Qc4 35. Nb2 Qxc3+ 36. Qxc3 Nxc3 37. a4 Ke6 38. Kd2 Ne4+ 39. Kd3
Kd5 40. Nd1 a6 41. Ne3+ Kc6 42. Kc4 Nd6+ 43. Kb4 a5+ 44. Kc3 b5 45. axb5+ Kxb5
46. Nd5 Ne4+ 47. Kd3 a4 48. Ne7 Kb4 49. Kc2 Nd6 50. Nxg6 Nb5 51. Ne7 Nxd4+ 52.
Kb2 a3+ 53. Ka2 Ka4 54. Nd5 Ne2 55. Nb6+ Kb5 56. Nd5 Ka4 57. Nb6+ Kb4 58. Nd5+
Kc4 59. Ne3+ Kb4 60. Nd5+ Kc5 61. Ne3 Nxf4 62. Kxa3 Nxg2 63. Nxf5 h5 64. Ng3
Nf4 65. Ne4+ Kd4 66. Nxf6 h4 67. Kb3 Kd3 68. Kb2 Kd2 69. Kb1 Nd3 70. Ng4 Ne1
71. h3 Nf3 72. Nh6 Nd4 73. Ng4 Nc6 74. Nh6 Ne7 75. Ng4 Ke2 76. Ne5 Ke3 77. Kc2
Kf4 78. Nd3+ Ke3 79. Ne5 Ke4 80. Nd3 Nd5 81. Kd2 Kf3 82. Ne5+ Kg3 83. Ng6 Kxh3
84. Nxh4 1/2-1/2

[Event "76th Bulgarian Individual Chess Champion"]
[Site "Plovdiv"]
[Date "2012.02.12"]
[Round "9.8"]
[White "Kukov, Velislav"]
[Black "Dimitrov, Dejan"]
[Result "1-0"]
[WhiteElo "2414"]
[BlackElo "2104"]
[PlyCount "67"]
[EventDate "2012.02.06"]

1. d4 e6 2. Nf3 Nf6 3. g3 c5 4. Bg2 cxd4 5. Nxd4 a6 6. c4 Qc7 7. Nd2 Be7 8. b3
O-O 9. O-O d6 10. Bb2 Nbd7 11. Rc1 Rb8 12. Re1 Ne5 13. Nb1 Bd7 14. Nc3 Qb6 15.
Qd2 Rfc8 16. e3 Qa7 17. a4 Nc6 18. Nce2 d5 19. cxd5 exd5 20. Red1 Bg4 21. h3
Bb4 22. Qd3 Ne5 23. Qb1 Bd7 24. Nf5 Re8 25. Nf4 Ne4 26. Bxe4 dxe4 27. Nxg7 Nf3+
28. Kg2 b5 29. Nxe8 Rxe8 30. Nd5 Bxh3+ 31. Kh1 Re5 32. Bxe5 Nxe5 33. Qxe4 Bg4
34. Nf6+ 1-0

[Event "76th Bulgarian Individual Chess Champion"]
[Site "Plovdiv"]
[Date "2012.02.12"]
[Round "9.9"]
[White "Ibryamov, Ilhan"]
[Black "Dobrev, Nayden"]
[Result "0-1"]
[WhiteElo "2115"]
[BlackElo "2256"]
[PlyCount "80"]
[EventDate "2012.02.06"]

1. d4 Nf6 2. c4 d6 3. Nc3 e5 4. dxe5 dxe5 5. Qxd8+ Kxd8 6. Bg5 c6 7. Nf3 Nbd7
8. O-O-O Kc7 9. a3 a5 10. e3 Ng4 11. Bh4 f6 12. Bd3 Nc5 13. Bc2 Be6 14. b3 h5
15. h3 Nh6 16. Kb2 Nf5 17. Bxf5 Bxf5 18. Bg3 Bd6 19. Ne1 h4 20. Bh2 Ra6 21. Na2
Rb6 22. b4 axb4 23. axb4 Na6 24. Nc2 Bxc2 25. Kxc2 Nxb4+ 26. Nxb4 Rxb4 27. Kc3
Ra4 28. Rb1 Ra3+ 29. Rb3 Rha8 30. Rhb1 b5 31. cxb5 cxb5 32. e4 Rxb3+ 33. Rxb3
Ra1 34. Rxb5 Rh1 35. Ra5 g5 36. Ra7+ Kd8 37. Rf7 Rxh2 38. Rxf6 Be7 39. Rf3 Kd7
40. Kc4 Ke6 0-1

[Event "76th Bulgarian Individual Chess Champion"]
[Site "Plovdiv"]
[Date "2012.02.12"]
[Round "9.10"]
[White "Nikolov, Jordan"]
[Black "Janchev, Petar"]
[Result "0-1"]
[WhiteElo "2097"]
[BlackElo "2119"]
[PlyCount "78"]
[EventDate "2012.02.06"]

1. d4 c6 2. c4 d5 3. Nf3 e6 4. e3 f5 5. Bd3 Bd6 6. Nc3 Qf6 7. Bd2 Nh6 8. Qb3
Nf7 9. cxd5 exd5 10. Na4 g5 11. O-O-O Nd7 12. Qc2 Nf8 13. Kb1 Ng6 14. Nc5 O-O
15. g3 Nd8 16. h4 g4 17. h5 gxf3 18. hxg6 hxg6 19. g4 b6 20. gxf5 Bxf5 21. e4
bxc5 22. dxc5 dxe4 23. Bxe4 Be5 24. Rdg1 Kf7 25. Rg5 Ke8 26. Bxf5 gxf5 27. Rhh5
Rb8 28. b3 Qe6 29. Rxf5 Rxf5 30. Rxf5 Qd5 31. Bc3 Nf7 32. Bxe5 Nxe5 33. Rh5 Kd8
34. Rh8+ Kc7 35. Qh7+ Qd7 36. Qh2 Qd1+ 37. Kb2 Qd4+ 38. Kb1 Rxh8 39. Qxh8 Qxc5
0-1

[Event "76th Bulgarian Individual Chess Champion"]
[Site "Plovdiv"]
[Date "2012.02.12"]
[Round "9.11"]
[White "Asparuhov, Parvan"]
[Black "Vutov, Mario"]
[Result "1/2-1/2"]
[WhiteElo "2103"]
[BlackElo "2353"]
[PlyCount "30"]
[EventDate "2012.02.06"]

1. e4 g6 2. d4 Bg7 3. Nf3 d6 4. Bd3 Nf6 5. O-O O-O 6. Bg5 c5 7. c3 Bg4 8. Nbd2
cxd4 9. cxd4 Nc6 10. Qb3 Nd7 11. Be3 Qb6 12. Qa3 Qa5 13. Qb3 Qb6 14. Qa3 Qa5
15. Qb3 Qb6 1/2-1/2

[Event "76th Bulgarian Individual Chess Champion"]
[Site "Plovdiv"]
[Date "2012.02.12"]
[Round "9.12"]
[White "Arnaudov, Petar"]
[Black "Kolev, Hristian"]
[Result "1-0"]
[WhiteElo "2121"]
[BlackElo "1801"]
[PlyCount "75"]
[EventDate "2012.02.06"]

1. e4 c5 2. f4 d6 3. Nf3 g6 4. Bb5+ Bd7 5. Bxd7+ Qxd7 6. O-O Nc6 7. d3 Bg7 8.
Nc3 Nf6 9. Kh1 O-O 10. Be3 b5 11. Qd2 b4 12. Nd1 c4 13. Nf2 c3 14. bxc3 bxc3
15. Qc1 Rfc8 16. f5 e6 17. g4 Rab8 18. Bh6 e5 19. Bxg7 Kxg7 20. Qg5 Rb2 21.
fxg6 h6 22. Qh4 fxg6 23. g5 hxg5 24. Qxg5 Rh8 25. Rg1 Rh6 26. Nh4 Ne7 27. Rac1
Rxa2 28. Rg2 Qe6 29. Nf5+ Nxf5 30. exf5 Qd7 31. Ne4 Nxe4 32. dxe4 Qf7 33. Rf1
Ra4 34. Rg4 Rd4 35. f6+ Kh7 36. Rh4 Rxh4 37. Qxh4+ Kg8 38. Rb1 1-0

[Event "76th Bulgarian Individual Chess Champion"]
[Site "Plovdiv"]
[Date "2012.02.12"]
[Round "9.13"]
[White "Pantev, Tsvetelin"]
[Black "Petrov, Plamen"]
[Result "1-0"]
[WhiteElo "1867"]
[BlackElo "1890"]
[PlyCount "61"]
[EventDate "2012.02.06"]

1. d4 d5 2. Nf3 Nf6 3. g3 e6 4. Bg2 c5 5. c4 cxd4 6. Nxd4 e5 7. Nf3 d4 8. O-O
Nc6 9. e3 d3 10. Qa4 Bd7 11. Qb3 Qc7 12. Nfd2 O-O-O 13. Qxd3 Bg4 14. Qb3 Be2
15. Re1 Bd3 16. a3 Na5 17. Qa4 a6 18. c5 g5 19. b4 Nc4 20. Nxc4 Bxc4 21. Qc2
Bd3 22. Qb2 h5 23. e4 Rg8 24. Nc3 Ng4 25. Nd5 Rxd5 26. exd5 e4 27. Qd2 Ne5 28.
Rxe4 Bxe4 29. Bxe4 Qd7 30. Qc2 Qb5 31. Bb2 1-0

[Event "76th Bulgarian Individual Chess Champion"]
[Site "Plovdiv"]
[Date "2012.02.12"]
[Round "9.14"]
[White "Slavov, Hristo"]
[Black "Ljangov, Petar"]
[Result "0-1"]
[WhiteElo "1791"]
[BlackElo "2105"]
[PlyCount "88"]
[EventDate "2012.02.06"]

1. d4 Nf6 2. Nf3 e6 3. Bf4 c5 4. e3 Nc6 5. c3 d5 6. Bd3 Bd6 7. Bg5 h6 8. Bh4
O-O 9. Nbd2 e5 10. dxe5 Nxe5 11. Nxe5 Bxe5 12. f4 Bd6 13. O-O Be7 14. f5 Bd7
15. Rf3 Ng4 16. Bxe7 Qxe7 17. Rg3 Nf6 18. Qf3 Rfe8 19. Re1 Bc6 20. e4 dxe4 21.
Nxe4 Bxe4 22. Bxe4 Nxe4 23. Qg4 Qg5 24. Rxe4 Rxe4 25. Qxe4 Qc1+ 26. Kf2 Qxb2+
27. Qe2 Qxe2+ 28. Kxe2 Kf8 29. Kd3 b5 30. Ke4 Rd8 31. Ke5 Rd2 32. a3 a5 33. Rg4
f6+ 34. Ke6 Rd3 35. c4 b4 36. axb4 axb4 37. Re4 Rd2 38. Re3 Kg8 39. Rg3 Rd4 40.
Re3 Rxc4 41. Re2 Rd4 42. Ra2 b3 43. Ra8+ Kh7 44. Rb8 Rb4 0-1

[Event "76th Bulgarian Individual Chess Champion"]
[Site "Plovdiv"]
[Date "2012.02.12"]
[Round "9.16"]
[White "Roydov, Plamen"]
[Black "Yordanova, Svetla"]
[Result "0-1"]
[WhiteElo "1935"]
[BlackElo "2143"]
[PlyCount "46"]
[EventDate "2012.02.06"]

1. d4 d6 2. Nf3 Bg4 3. e3 Nd7 4. h3 Bxf3 5. Qxf3 c6 6. c4 Ngf6 7. Nc3 g6 8. Bd3
Bg7 9. e4 Qb6 10. Qe3 O-O 11. Rb1 Nh5 12. Ne2 c5 13. dxc5 Nxc5 14. b4 Nxd3+ 15.
Qxd3 Rac8 16. Ba3 Nf6 17. Rc1 Rfd8 18. Nc3 e6 19. Nd1 Qa6 20. f3 d5 21. exd5
exd5 22. Bb2 dxc4 23. Qc3 Qe6+ 0-1